| 000 | 00368nam a22001457a 4500 | ||
|---|---|---|---|
| 003 | OSt | ||
| 008 | 240401b |||||||| |||| 00| 0 eng d | ||
| 020 | _a9788194932314 | ||
| 100 | _aATKINSON, WILLIAM.WOKER | ||
| 245 | _aMEMORY: HOW TO DEVELOP, TRAIN AND USE IT | ||
| 260 |
_aNew Delhi _bParkash Books _c2022 |
||
| 300 | _a182 | ||
| 650 | _aGeneral | ||
| 942 |
_2ddc _cREF |
||
| 999 |
_c12360 _d12360 |
||